Wise old woman (The) / (Record no. 111971)
[ view plain ]
| 000 -LEADER | |
|---|---|
| fixed length control field | 00657nam a2200181 a 4500 |
| 001 - CONTROL NUMBER | |
| control field | 2116 |
| 005 - DATE AND TIME OF LATEST TRANSACTION | |
| control field | 20140414131925.0 |
| 008 - FIXED-LENGTH DATA ELEMENTS--GENERAL INFORMATION | |
| fixed length control field | 001116s19uu xx 00 eng d |
| 050 ## - LIBRARY OF CONGRESS CALL NUMBER | |
| Classification number | ER |
| Item number | W75 1994 |
| 100 ## - MAIN ENTRY--PERSONAL NAME | |
| Personal name | Uchida, Yoshiko |
| 245 ## - TITLE STATEMENT | |
| Title | Wise old woman (The) / |
| Statement of responsibility, etc | retold by Yoshiko Uchida; illustrated Martin Springett. |
| 260 ## - PUBLICATION, DISTRIBUTION, ETC. (IMPRINT) | |
| Place of publication, distribution, etc | New York : |
| Name of publisher, distributor, etc | Margaret K McElderly Books, |
| Date of publication, distribution, etc | 1994. |
| 300 ## - PHYSICAL DESCRIPTION | |
| Extent | 1 v. (unp.) : ill. ; cm. |
| 520 ## - SUMMARY, ETC. | |
| Summary, etc | An old woman demonstrates the value of her age when she solves a warload's three riddles and saves her village from destruction. |
| 650 ## - SUBJECT ADDED ENTRY--TOPICAL TERM | |
| Topical term or geographic name as entry element | Folklore -- Japan. |
| 650 ## - SUBJECT ADDED ENTRY--TOPICAL TERM | |
| Topical term or geographic name as entry element | Old age -- Folklore. |
| Withdrawn status | Lost status | Damaged status | Use restrictions | Home library | Current library | Shelving location | Date acquired | Source of acquisition | Total Checkouts | Full call number | Barcode | Date last seen | Price effective from | Koha item type |
|---|---|---|---|---|---|---|---|---|---|---|---|---|---|---|
| Munich Library | Munich Library | Easy Reading Section | 05/26/2005 | ER W75 1994 | M2952 | 04/14/2014 | 04/14/2014 | Books |